Estatísticas para Cidades Mais Belas do Mundo

Clique aqui para jogar o quiz

Estatísticas Gerais

  • Esse quiz foi jogado 47 vezes
  • A pontuação média é 24 de 75

Estatísticas das Respostas

HintResposta% Correto
HolandaAmesterdão
93%
EspanhaBarcelona
90%
ItáliaRoma
90%
GréciaAtenas
86%
EspanhaMadrid
86%
AlemanhaBerlim
81%
ArgentinaBuenos Aires
79%
EgiptoCairo
74%
FrançaParis
74%
Reino UnidoLondres
69%
ItáliaVeneza
67%
BrasilRio de Janeiro
64%
PortugalLisboa
62%
Estados UnidosNova Iorque
62%
ChinaPequim
60%
RússiaMoscovo
57%
TailândiaBangkok
55%
República da IrlandaDublin
55%
HungriaBudapeste
52%
África do SulCidade do Cabo
50%
Emirados Árabes UnidosDubai
50%
CubaHavana
50%
PortugalPorto
50%
DinamarcaCopenhaga
45%
JapãoTóquio
45%
TurquiaIstambul
43%
Estados UnidosChicago
38%
IsraelJerusalém
38%
AustráliaSidney
38%
CanadáToronto
36%
República ChecaPraga
33%
VietnameHanói
31%
EcuadorQuito
31%
Coreia do SulSeul
29%
ItáliaFlorença
26%
ChinaHong Kong
26%
EspanhaSevilha
24%
ÁustriaViena
24%
PeruCusco
21%
Singapura
Singapura
21%
CanadáVancouver
21%
MalásiaKuala Lumpur
19%
ColômbiaCartagena
17%
Estados UnidosSão Francisco
17%
ChinaXangai
17%
JapãoQuioto
14%
EstóniaTallinn
14%
EspanhaValência
14%
MaltaValeta
14%
RússiaSão Petersburgo
12%
SuiçaZurique
12%
Reino UnidoEdimburgo
10%
VietnameHo Chi Min
10%
TaiwanTaipé
10%
BélgicaBruges
7%
CroáciaDubrovnik
7%
CanadáQuebec
7%
LetóniaRiga
7%
NoruegaBergen
5%
OmãMuscat
5%
UcrâniaOdessa
5%
ItáliaPalermo
5%
TailândiaChiang Mai
2%
FrançaEstrasburgo
2%
ÍndiaJaipur
2%
Nova ZelândiaQueenstown
2%
Estados UnidosSão Diego
2%
GeórgiaTiblíssi
2%
MarrocosXexuão
2%
Mianmar (Birmânia)
Bagan
0%
ItáliaBolonha
0%
Índia
Serinagar
0%
MéxicoSan Miguel De Allende
0%
EspanhaSan Sebastian
0%
FilipinasVigan
0%

Distribuição das Pontuações

Percentil de Números Respondidos

Porcentagem de Pessoas com Cada Pontuação

Sua Pontuação Histórica

Você não jogou esse quiz